000 00647nam a2200193Ia 4500
008 140529s9999 xx 000 0 und d
020 _a9780763760632
050 _aR 724
_b.M489 2010
245 _aMedical ethics and humanities /
_cedited by Frederick Adolf Paola, Robert Walker, Lois LaCivita Nixon
260 _aSudbury, Mass. :
_bJones and Bartlett Publishers,
_cc2010.
300 _a454 p. :
_bill. ;
_c23 cm.
500 _aIncludes bibliographical references and index.
521 _aNUR
650 _aBioethical Issues.
650 _aHumanities.
650 _aPhysician assistants
_xEducation.
942 _kFOR
_cBK
999 _c117726
_d117726